Des bleus à l'ame : roman /

Zapisane w:
Opis bibliograficzny
1. autor: Sagan, Françoise, 1935-
Format: Książka
Język:French
Wydane: Paris : Flammarion, 1972.
LEADER 00743nam a22002051a 4500
001 c000344554
003 CARM
005 20010105204146.0
008 851113s1972 fr 000 0 fre d
019 1 |a 3723942  |z 27258915  |5 LACONCORD2021 
035 |a (OCoLC)630363  |5 LACONCORD2021 
040 |a NZOC  |b eng  |c NZOC  |d NZOC 
050 4 |a PQ2633 
100 1 |a Sagan, Françoise,  |d 1935- 
245 1 0 |a Des bleus à l'ame :  |b roman /  |c Francoise Sagan. 
260 |a Paris :  |b Flammarion,  |c 1972. 
300 |a 205 p. ;  |c 20 cm. 
852 8 |b CARM  |h A1:AL37G0  |i B10330  |p 0466341  |f BK 
999 f f |i edc6613b-8717-592a-83c4-9f1fc93afb17  |s 9ed506c8-8ee5-5c3a-85ce-63aec111b9a6 
952 f f |p Can circulate  |a CAVAL  |b CAVAL  |c CAVAL  |d CARM 1 Store  |e B10330  |f A1:AL37G0  |h Other scheme  |i book  |m 0466341